Word Ladder: SC Primary Quiz Stats

 Plays Quiz Updated Jan 27, 2012

Support Sporcle.
Go Orange.
Score 0/21 Timer 03:00
1 Play Today
Clue 4-Letter Word % Correct
Home for a birdNEST
97.6%
A Scottish skirtKILT
97%
Not the frontBACK
95.5%
Breeze or gale, e.g.WIND
93.9%
A locale for playing hockeyRINK
92.7%
Flirt with your eyesWINK
92.6%
A hand turned into a weaponFIST
92.3%
A gala with dancingBALL
90.7%
A fog or a hazy atmosphereMIST
90.5%
A big partyFEST
90.1%
Basketballer ChamberlainWILT
87.7%
Clue 4-Letter Word % Correct
A baseball pitching errorBALK
87.5%
Granite or gneiss, e.g.ROCK
87.3%
He came in 3rd place in South CarolinaRICK (Santorum)
84.8%
The car that Knight Rider rodeK.I.T.T.
84.4%
He came in 2nd place in South CarolinaMITT (Romney)
84.2%
Minnesota NHL teamWILD
84.1%
A strong German lagerBOCK
83.4%
___-Mall brand ciagarettesPALL
83.3%
He came in 4th place in South Carolina(Ron) PAUL
74.5%
He came in 1st place in South CarolinaNEWT (Gingrich)
72.1%

Today's Daily Dose

Word Ladder
Math Aid

Get the Picture
Warrior Women

You're not logged in!

Compare scores with friends on all Sporcle quizzes.
OR
Log In
Forgot?

From the Vault

World Population 2050

by Booger

If you think traffic is bad now, just give it a few years.
Remove Ads.
Support Sporcle.
Get the best of Sporcle when you Go Orange. This ad-free experience offers more features, more stats, and more fun while also helping to support Sporcle. Thank you for becoming a member.

Show Comments

Extras

Top Quizzes Today


Score Distribution

Your Account Isn't Verified!

In order to create a playlist on Sporcle, you need to verify the email address you used during registration. Go to your Sporcle Settings to finish the process.

Report this User

Report this user for behavior that violates our Community Guidelines.

Details: